| 000 | 00713nam a2200217Ia 4500 | ||
|---|---|---|---|
| 008 | 220216s9999 xx 000 0 und d | ||
| 100 | _aMathew J | ||
| 245 | 0 | _aInvestigations on the probable biotic etiology of TPD: Screening for common plant pathogens | |
| 260 | _bIn: Tapping Panel Dryness of Rubber Trees (Eds.James Jacob; R Krishnakumar and N.M. Mathew) Rubber Research Institute of India, Kottayam, 2006, pp.175-182. | ||
| 650 | _aBiotic etiology | ||
| 650 | _aCommon pathogens | ||
| 650 | _aPressure injection | ||
| 650 | _aTPD | ||
| 700 | _aAbraham T | ||
| 700 | _aJacob C K | ||
| 700 | _aPhillipose J | ||
| 700 | _aPrem E E | ||
| 700 | _aRamachandran P | ||
| 700 | _aVarma A | ||
| 942 | _cJS | ||
| 999 |
_c61655 _d61655 |
||